000 00755nam a2200241Ia 4500
005 20220124173036.0
008 210716s2008 xx 000 0 und d
020 _a9788180940460
040 _cAIMIT LIBRARY
041 _aeng
082 _a001.42
_21
_bVIJG
100 _aVijayalakshmi, G.
_914623
245 _aResearch methods :
_btips and techniques /
_cBy G. Vijayalakshmi and C. Sivapragasam.
250 _a1st. ed.
260 _aChennai :
_bMJP Publishers ,
_c2008.
300 _axiv, 218p. ;
_c21.6 cm.
650 _aResearch Methodology
_914624
650 _aSampling Techniques
_914625
650 _aData Collection
_914626
650 _aCross Tabulation
_914627
700 _aSivapragasam, C.
_914628
942 _2ddc
_cBK
_e1st
_k001.42 VIJG
999 _c192371
_d192371